| 000 | 01552nam2a22002891 4500 | ||
|---|---|---|---|
| 001 | rc\3606901 | ||
| 005 | 20260406090236.0 | ||
| 021 |
_aRU _b[72-15883] |
||
| 035 | _a(NLR Aleph) 007815195 | ||
| 090 |
_a7726161 _c7726161 |
||
| 100 | _a20130115d1972 |||y0rusy50 ca | ||
| 101 | 0 | _arus | |
| 102 | _aRU | ||
| 105 | _ay z ||||| | ||
| 200 | 1 |
_aЭтика как философская наука _fС.Ф. Анисимов |
|
| 210 | _d1972 | ||
| 215 | _a66 с. | ||
| 320 | _aСписок лит.: с. 62-65 | ||
| 461 | 0 |
_1001rc\3606900 _12001#$aМарксистско-ленинская этика$eЛекции по курсу$fНауч.-метод. каб. по заоч. и веч. обучению МГУ им. М.В. Ломоносова$vЧ. 1 _97726160 _cМосква _d1972- _fНауч.-метод. каб. по заоч. и веч. обучению МГУ им. М.В. Ломоносова _nИзд-во МГУ _oЛекции по курсу _tМарксистско-ленинская этика _vЧ. 1 |
|
| 604 |
_150010$aЭтика как философская наука _1700#1$aАнисимов$bС.Ф.$gСергей Федорович _tЭтика как философская наука _aАнисимов, Сергей Федорович |
||
| 700 | 1 |
_4070 _7ca _8rus _aАнисимов _bС. Ф. _cд-р филос. наук _f1922-2005 _gСергей Федорович _3RU\NLR\AUTH\770280788 _92652755 |
|
| 801 | 0 |
_aRU _bNLR _gpsbo |
|
| 801 | 1 |
_aRU _bELAR _2rusmarc |
|
| 852 |
_aNLR _j72-6/2354 |
||
| 942 | _cBOOK | ||
| 980 | _aNB | ||